История России XIX - начала XX в.: учебник для университетов
| Ente Autore: | |
|---|---|
| Altri autori: | , , , , , , |
| Riassunto: | Авт. указ. на обороте тит. л. Учебник является классическим университетским учебником. В нем освещаются проблемы социально-экономического и политического развития, внутренняя и внешняя политика России, ее культура. Учтены новейшие достижения исследовательской литературы по отечественной истории, включены новые темы, например по истории Русской Православной Церкви, культуры и быта города и деревни. Книгу отличают новые подходы к трактовке исторических явлений и процессов. Для студентов исторических факультетов университетов. Может быть полезен всем, кто интересуется отечественной историей. |
| Lingua: | russo |
| Pubblicazione: |
Москва, Проспект, 2004
|
| Edizione: | 3-е изд., перераб. |
| Serie: | Высшее профессиональное образование. История Классический университетский учебник |
| Soggetti: | |
| Natura: | Libro |
| KOHA link: | https://koha.lib.tpu.ru/cgi-bin/koha/opac-detail.pl?biblionumber=122311 |
MARC
| LEADER | 00000nam0a2200000 4500 | ||
|---|---|---|---|
| 001 | 122311 | ||
| 005 | 20260205171331.0 | ||
| 010 | |a 5211050150 | ||
| 010 | |a 5-7695-1772-7 | ||
| 035 | |a (RuTPU)RU\TPU\book\132437 | ||
| 090 | |a 122311 | ||
| 100 | |a 20020925d2004 m y0rusy50 ca | ||
| 101 | 0 | |a rus | |
| 102 | |a RU | ||
| 105 | |a y j 001zy | ||
| 200 | 1 | |a История России XIX - начала XX в. |e учебник для университетов |f В. А. Георгиев, Н. Д. Ерофеев, Н. С. Киняпина и др. |g Московский государственный университет им. М. В. Ломоносова. Исторический факультет; Под ред. В. А. Федорова | |
| 205 | |a 3-е изд., перераб. | ||
| 210 | |a Москва |c Проспект |d 2004 | ||
| 215 | |a 536 с. | ||
| 225 | 1 | |a Высшее профессиональное образование. История | |
| 225 | 1 | |a Классический университетский учебник | |
| 300 | |a Авт. указ. на обороте тит. л. | ||
| 320 | |a Хронолог. табл.: с. 834-843. | ||
| 320 | |a Библиография: с. 844-863. | ||
| 330 | |a Учебник является классическим университетским учебником. В нем освещаются проблемы социально-экономического и политического развития, внутренняя и внешняя политика России, ее культура. Учтены новейшие достижения исследовательской литературы по отечественной истории, включены новые темы, например по истории Русской Православной Церкви, культуры и быта города и деревни. Книгу отличают новые подходы к трактовке исторических явлений и процессов. Для студентов исторических факультетов университетов. Может быть полезен всем, кто интересуется отечественной историей. | ||
| 606 | |a Россия |x История |z 19 в. |9 81865 | ||
| 606 | |a Россия |x История |z 1885-1917 |9 81969 | ||
| 610 | 1 | |a 19 век | |
| 610 | 1 | |a 20 век | |
| 610 | 1 | |a внутренняя политика | |
| 610 | 1 | |a внешняя политика | |
| 610 | 1 | |a Отечественная война 1812 | |
| 610 | 1 | |a декабристы | |
| 610 | 1 | |a Крымская война | |
| 610 | 1 | |a Кавказская война | |
| 610 | 1 | |a общественная мысль | |
| 610 | 1 | |a крепостное право | |
| 610 | 1 | |a отмена | |
| 610 | 1 | |a экономические реформы | |
| 610 | 1 | |a либеральные реформы | |
| 610 | 1 | |a промышленность | |
| 610 | 1 | |a сельское хозяйство | |
| 610 | 1 | |a торговля | |
| 610 | 1 | |a освободительное движение | |
| 610 | 1 | |a революции | |
| 610 | 1 | |a третьеиюньская монархия | |
| 610 | 1 | |a Первая мировая война | |
| 610 | 1 | |a культура | |
| 610 | 1 | |a учебники | |
| 610 | 1 | |a социально-экономические отношения | |
| 686 | |a Т3(2)52 |2 rubbk | ||
| 686 | |a Т3(2)53 |2 rubbk | ||
| 701 | 1 | |a Георгиев |b В. А. | |
| 701 | 1 | |a Ерофеев |b Н. Д. | |
| 701 | 1 | |a Киняпина |b Н. С. | |
| 701 | 1 | |a Кошман |b Л. В. | |
| 701 | 1 | |a Левандовский |b А. А. | |
| 701 | 1 | |a Левыкин |b К. Г. | |
| 702 | 1 | |a Федоров |b В. А. |4 340 | |
| 712 | 0 | 2 | |a Московский государственный университет им. М. В. Ломоносова |b Исторический факультет |3 (RuTPU)RU\TPU\col\7 |
| 801 | 1 | |a RU |b 63413507 |c 20071001 |g PSBO | |
| 801 | 2 | |a RU |b 63413507 |c 20150428 |g PSBO | |
| 942 | |c BK | ||